Middle East Report (Record no. 80796)
[ view plain ]
| 000 -LEADER | |
|---|---|
| fixed length control field | 00685cab a22001935a 4500 |
| 001 - CONTROL NUMBER | |
| control field | L145405 |
| 008 - FIXED-LENGTH DATA ELEMENTS--GENERAL INFORMATION | |
| fixed length control field | 080903s2008 xxk 000 0 eng d |
| 035 ## - SYSTEM CONTROL NUMBER | |
| System control number | (Sirsi) u145405 |
| 041 0# - LANGUAGE CODE | |
| Language code of text/sound track or separate title | eng |
| 100 1# - MAIN ENTRY--PERSONAL NAME | |
| Personal name | Redfern, Bernadette |
| 245 00 - TITLE STATEMENT | |
| Title | Middle East Report |
| 490 ## - SERIES STATEMENT | |
| Series statement | New Civil Engineer |
| Volume/sequential designation | 4 September 2008, 27-34(8) |
| 520 ## - SUMMARY, ETC. | |
| Summary, etc. | Reports on how the Middle East achieving its sustainability targets, a review of what it is like to live and work in the Middle East as an consultant engineer, and a report on Bahrain's Northshore development, in the capital Manama. |
| 590 ## - LOCAL NOTE (RLIN) | |
| Local note | KA NTK |
| 650 24 - SUBJECT ADDED ENTRY--TOPICAL TERM | |
| Topical term or geographic name entry element | MIDDLE EAST |
| 650 24 - SUBJECT ADDED ENTRY--TOPICAL TERM | |
| Topical term or geographic name entry element | BAHRAIN |
| 651 #4 - SUBJECT ADDED ENTRY--GEOGRAPHIC NAME | |
| Geographic name | Middle East |
| 942 ## - ADDED ENTRY ELEMENTS (KOHA) | |
| Suppress in OPAC | 0 |
| Withdrawn status | Lost status | Source of classification or shelving scheme | Damaged status | Not for loan | Home library | Current library | Shelving location | Date acquired | Total Checkouts | Full call number | Barcode | Date last seen | Copy number | Price effective from | Koha item type |
|---|---|---|---|---|---|---|---|---|---|---|---|---|---|---|---|
| Dewey Decimal Classification | London | London | Journal article | 03/10/2008 | L145405 | 145405-1001 | 06/08/2019 | 1 | 06/08/2019 | Journal article |